Biblioteca Josep Badia i Moret : Ametlla del Vallès Ametlla del Vallès
Descripción Física:
1 tríptic : il. col. ; 21 x 10 cm
MARC
| LEADER | 00000nam a2200000Ia 4500 | ||
|---|---|---|---|
| 001 | 23695 | ||
| 008 | 160829s2012 xx 000 0 cat d | ||
| 080 | |a FU-61-116 | ||
| 245 | |a Biblioteca Josep Badia i Moret : |b Ametlla del Vallès | ||
| 260 | |a Barcelona : |b Diputació de Barcelona. Gerència de Serveis de Biblioteques, |c 2012 | ||
| 300 | |a 1 tríptic : |b il. col. ; |c 21 x 10 cm | ||
| 610 | 2 | 0 | |9 55865 |a Biblioteca Josep Badia i Moret |
| 650 | 0 | |a Biblioteques públiques |9 49209 |x Barcelona (Catalunya : Província) | |
| 655 | 0 | |9 55858 |a Fulletons | |
| 710 | 1 | |a Barcelona (Catalunya : Província). |b Gerència de Serveis de Biblioteques |9 52661 | |
| 901 | |a Arxiu | ||
| 942 | |n 1 |2 udc |c ARXIU | ||
| 952 | |0 0 |1 0 |4 0 |6 FU61116 |7 1 |9 55364 |a Arxiu |b Arxiu |d 2016-12-01 |l 0 |o FU-61-116 |p 23695 |r 2016-12-01 00:00:00 |w 2016-12-01 |y ARXIU | ||
| 999 | |c 59237 |d 59237 | ||